Outer structures of bacteria /

Bibliographic Details
Other Authors: Iterson, Woutera van, 1914-
Format: Book
Language:English
Published: New York, N.Y. : Van Nostrand Reinhold Co., [1984]
Series:Benchmark papers in microbiology ; 18.
Subjects:

MARC

Tag First Indicator Second Indicator Subfields
LEADER 00000pam a2200000 a 4500
001 in00004460439
005 20191202121440.0
008 830603s1984 nyua b 00100 eng
010 |a  83010800  
020 |a 0442288328 
035 |a (OCoLC)09647067 
035 |9 AAB7233MS 
035 |z (UtOrBLW)6168 
035 |a 9577 
039 0 |a 2  |b 3  |c 3  |d 3  |e 3 
040 |a DLC  |c DLC  |d TMV  |d UtOrBLW 
049 |a TMVM  |c 1 
059 |l MS/BOOK STKS  |v 4  |y 1  |z 3  |t BOOK  |k CIRCULATING  |i 323890014040Y  |n NL  |a QW 51  |b O94 1984 
060 0 |a QW 51  |b O94 1984 
245 0 0 |a Outer structures of bacteria /  |c edited by Woutera van Iterson. 
264 1 |a New York, N.Y. :  |b Van Nostrand Reinhold Co.,  |c [1984] 
264 4 |c ©1984 
300 |a xvi, 512 pages :  |b illustrations ;  |c 26 cm. 
336 |a text  |2 rdacontent  |b txt 
337 |a unmediated  |2 rdamedia 
338 |a volume  |2 rdacarrier  |b nc 
490 1 |a Benchmark papers in microbiology ;  |v 18 
500 |a "A Hutchinson Ross Benchmark book." 
500 |a Articles reprinted from various sources. 
504 |a Includes bibliographies and indexes. 
650 2 |a Bacteria  |x cytology  |v Collected Works. 
650 2 |a Cell Wall  |v Collected Works. 
650 2 |a Fimbriae, Bacterial  |v Collected Works. 
650 2 |a Flagella  |v Collected Works. 
700 1 |a Iterson, Woutera van,  |d 1914- 
830 0 |a Benchmark papers in microbiology ;  |v 18. 
940 |a copy plain 
999 |a MARS 
999 f f |s 0e5005ce-281f-3d67-b0e1-09be0278259e  |i fb98aaa8-765c-32b5-812a-b417bdc87c77  |t 0 
952 f f |p ric  |a Texas A&M University  |b Rellis Campus  |c Joint Library Facility  |d Remote Storage  |t 0  |e QW 51 O94 1984  |h National Library of Medicine classification  |i unmediated -- volume  |m 323890014040Y 
998 f f |a QW 51 O94 1984  |t 0  |l Remote Storage